Riemannian geometric statistics in medical image analysis

Other Authors: Pennec, Xavier, Sommer, Stefan, Fletcher, Tom
Subjects:
Online Access: http://library.unisel.edu.my/web/guest/mylibrary
LEADER 00971cam a2200253 7i4500
001 0000065063
005 20211228090000.0
020 |a 9780128147252  
090 0 0 |a RC78.7.D53   |b R54 2020 
245 0 0 |a Riemannian geometric statistics in medical image analysis   |c edited by Xavier Pennec, Stefan Sommer and Tom Fletcher. 
264 |a San Diego:   |b Academic Press,   |c 2020. 
300 |a 1 online resource (xix, 614 pages):   |b illustrations, text file, PDF. 
336 |a text  |2 rdacontent 
337 |a computer  |2 rdamedia 
338 |a online resource  |2 rdacarrier 
650 0 0 |a Geometry, Riemannian  
650 0 0 |a Diagnostic imaging --   |x Digital techniques  
655 0 0 |a Electronic books 
700 1 |a Pennec, Xavier  
700 1 |a Sommer, Stefan  
700 1 |a Fletcher, Tom  
856 4 2 |u http://library.unisel.edu.my/web/guest/mylibrary 
997 |a Communication, Visual Art & Computing, Faculty  |b Computing, Department 
999 |a EBO0009730  |b EBOOK  |c EBOOK  |e Electronic resources